Largest Companies by Market Capitalisation. - Statistics

General Stats
  • This quiz has been taken 51 times
  • The average score is 8 of 25
Answer Stats
Hint Market Capitalisation (USD) Answer % Correct
#2 1120000000000 Apple Inc.
100%
#5 873000000000 Amazon
84%
#3 1100000000000 Microsoft
73%
#4 929000000000 Alphabet Inc.
62%
#7 529000000000 Samsung
58%
#16 349000000000 ExxonMobil
49%
#1 2100000000000 Saudi Aramco
44%
#9 478000000000 Toyota
44%
#8 508000000000 Berkshire Hathaway
42%
#23 236000000000 Royal Dutch Shell
42%
#12 398000000000 Tencent
38%
#21 261000000000 BP
33%
#14 376000000000 JPMorgan Chase
29%
#25 99000000000 Volkswagen Group
29%
#13 385000000000 Visa
27%
#17 313000000000 Daimler AG
13%
#18 313000000000 Hyundai Motor Group
13%
#24 224000000000 Total S. A.
11%
#11 435000000000 Alibaba Group
2%
#20 266000000000 Chevron Corporation
2%
#19 285000000000 SoftBank
2%
#6 634000000000 China National Petroleum Corporation
0%
#10 450000000000 Life Insurance Corporation of India
0%
#22 240000000000 ONGC
0%
#15 351000000000 State Grid Corporation of China
0%
No matching quizzes found
Score Distribution
Percent of People with Each Score
Percentile by Number Answered
Your Score History
You have not taken this quiz